Laozi / (Record no. 188633)

MARC details
000 -LEADER
fixed length control field 01422nam a2200385 i 4500
003 - CONTROL NUMBER IDENTIFIER
control field OSt
005 - DATE AND TIME OF LATEST TRANSACTION
control field 20220802162313.0
008 - FIXED-LENGTH DATA ELEMENTS--GENERAL INFORMATION
fixed length control field 220802t20072007cc g 000 0 chi d
020 ## - INTERNATIONAL STANDARD BOOK NUMBER
International Standard Book Number 9787543820890
Terms of availability RM10.00 (denda)
Qualifying information hardback
040 ## - CATALOGING SOURCE
Original cataloging agency PPAK
Language of cataloging eng
Transcribing agency PPAK
Description conventions rda
041 ## - LANGUAGE CODE
Language code of text/sound track or separate title chi
-- eng
082 04 - DEWEY DECIMAL CLASSIFICATION NUMBER
Edition number 23
Classification number 299.51482
090 00 - LOCALLY ASSIGNED LC-TYPE CALL NUMBER (OCLC); LOCAL CALL NUMBER (RLIN)
Classification number (OCLC) (R) ; Classification number, CALL (RLIN) (NR) 299.51482
Feature heading LAO
Feature heading G
100 1# - MAIN ENTRY--PERSONAL NAME
Personal name Laozi,
Relator term author.
245 10 - TITLE STATEMENT
Linkage 880-02
Title Laozi /
Statement of responsibility, etc. Lǎo zi ; Translated into English by Arthur Waley ; Translated into modern Chinese by Chen Guying ; Revised and annotated by Fu Huisheng.
250 ## - EDITION STATEMENT
Edition statement First Edition 1999
264 #1 - PRODUCTION, PUBLICATION, DISTRIBUTION, MANUFACTURE, AND COPYRIGHT NOTICE
Place of production, publication, distribution, manufacture China :
Name of producer, publisher, distributor, manufacturer Hunan People's Publishing House,
Date of production, publication, distribution, manufacture, or copyright notice 2007
Date of production, publication, distribution, manufacture, or copyright notice ©2007
300 ## - PHYSICAL DESCRIPTION
Extent 293 pages ;
Dimensions 24 cm.
336 ## - CONTENT TYPE
Source rdacontent
Content type term text
337 ## - MEDIA TYPE
Source rdamedia
Media type term unmediated
338 ## - CARRIER TYPE
Source rdacarrier
Carrier type term volume
490 1# - SERIES STATEMENT
Linkage 880-03
Series statement Da Zhonghua wen ku = LIBRARY OF CHINESE CLASSICS
546 ## - LANGUAGE NOTE
Language note Text in English and Chinese.
650 10 - SUBJECT ADDED ENTRY--TOPICAL TERM
Topical term or geographic name entry element Philosophy, Taoist
Topical term or geographic name entry element Philosophy, Chinese
700 1# - ADDED ENTRY--PERSONAL NAME
Personal name Waley, Arthur,
Relator term translator.
Personal name Chen, Guying,
Relator term translator.
Personal name Fu, Huisheng,
Relator term editor.
830 #0 - SERIES ADDED ENTRY--UNIFORM TITLE
Uniform title Da Zhonghua wen ku = LIBRARY OF CHINESE CLASSICS
880 1# - ALTERNATE GRAPHIC REPRESENTATION
Linkage 100-01
a 老子
Linkage 245-02
a 老子 /
c 老子 ; 亚瑟·韦利英译 ; 陈鼓应今译. 韦利, 陈鼓应, 傅惠生
Linkage 490-03
a 大中华文库 = Library of Chinese classics.
942 ## - ADDED ENTRY ELEMENTS (KOHA)
Source of classification or shelving scheme Dewey Decimal Classification
Koha item type Book
Holdings
Withdrawn Not for loan Current library Shelving location Date acquired Total Checkouts Full call number Barcode Date last seen Date last checked out Koha item type
    Perpustakaan Alor Setar Pinjaman Dewasa 02/08/2022 5 299.51482 LAO A00744325 05/02/2026 19/01/2026 Book